000 00460nam a2200169Ia 4500
003 IN-BaIIA
008 211028s9999 xx 000 0 eng d
040 _cIIA Library
080 _a530.1
_bMAS
100 _aMassey, Harrie
_93733
245 4 _aThe new age in physics
_cHarrie Massey
260 _aLondon
_bElek Books
_c1960
300 _a342p.
650 _aNASA Thesaurus
650 _aPhysics
_973
942 _cBK
999 _c1969
_d1969